'Penguins of Madagascar' quotes Quiz Stats

 Plays Quiz not verified by Sporcle

Support Sporcle.
Go Orange.
Score 0/23 Timer 06:00
0 Plays Today
Unfinished Quote Missing Word/Words % Correct
You like pictures of red squirrels, ey? You know who likes red squirrels? ____________!!!!!The Red Squirrel
80.5%
Okay, only 100 yards to the nearest _____..........Tree
65.9%
Why do the bad guys always ___________?Get the Good Stuff
59.3%
This is Chuck Charles and I _________. Help.Cannot Swim
49.6%
Nothing.... why? What's so suspicious about a penguin and his _________?Shoe Box
47.2%
I do! If my neighbor is ________!A Mango
45.5%
We could replace Rico's brain with ________.A Wombat's
44.7%
I'm echoing you. For __________.Dramatic Effect
43.1%
He's right! I am secretly a ________! No, no, that one was a lie.....Potato
39.8%
Kowalski, are you trying to read my mind or _________?Melt It
38.2%
That... was the most awesome thing I have ever seen that _________.Wasn't Me
36.6%
Manfredi and Johnson thought so. What was left of them came home in a ___________.Manila Envelope
36.6%
Unfinished Quote Missing Word/Words % Correct
Silly penguin. It's always ___________ SOMEwhere.April First
34.1%
I have a fancy spy car that can shoot things out of the headlights! No, _______......they won't expect that.Fog Lights
34.1%
All I ask is that you be as gentle as the __________.Lunicorns Themselves
33.3%
I don't have a better word than awesome, so I 'm just gonna ___________, only this time, even louder!Say Awesome Again
33.3%
You'll find sarcasm is more effective if you don't giggle it out like a ______, Private.Naughty Schoolgirl
32.5%
Sorry boys, I sometimes resort to sarcasm when ___________.Facing The Unknown
32.5%
Maurice! My _________ is broken!Yo-yo-yo
31.7%
Aspirate ___________, bottlenose!Swiss Delight
30.1%
Yeah, I think I'm gonna go ahead and risk it, but I do appreciate your ______.Raving Paranoia
26%
But this time, I have an army of ____________!Crustacean Warriors
23.6%
If only you could explain this to yourself without destroying the __________Space-Time Condominium
17.9%

You're not logged in!

Compare scores with friends on all Sporcle quizzes.
OR
Log In

From the Vault

'L' in History

by wiggytitch

History is just going to 'L' in a handbasket.
Remove Ads.
Support Sporcle.
Get the best of Sporcle when you Go Orange. This ad-free experience offers more features, more stats, and more fun while also helping to support Sporcle. Thank you for becoming a member.

Show Comments

Extras

Created Feb 6, 2011ReportNominate
Tags:madagascar, nickolodeon

Top Quizzes Today


Score Distribution

Your Account Isn't Verified!

In order to create a playlist on Sporcle, you need to verify the email address you used during registration. Go to your Sporcle Settings to finish the process.

Report this User

Report this user for behavior that violates our Community Guidelines.

Details: